[Event "Titled Tue 26th Aug Early"]
[Site "chess.com INT"]
[Date "2025.08.26"]
[Round "6"]
[White "Khumalo, Keith"]
[Black "Zlatin, Alexander"]
[Result "0-1"]
[WhiteTitle "CM"]
[BlackTitle "FM"]
[WhiteElo "2167"]
[BlackElo "2264"]
[WhiteFideId "14319470"]
[BlackFideId "2810549"]
[EventDate "2025.08.26"]

1. d4 d5 2. c4 c5 3. dxc5 Qa5+ 4. Qd2 Qxc5 5. cxd5 Nf6 6. Nc3 e6 7. e4 exd5 8.
exd5 Bd6 9. Nf3 O-O 10. Be2 Bf5 11. O-O Nbd7 12. Qg5 Bg6 13. Be3 Qb4 14. Nb5 Ne4
15. Qh4 Be7 16. a3 Bxh4 17. axb4 Be7 18. d6 Nxd6 19. Nc7 Rac8 20. Nd5 Bd8 21.
Rxa7 Rc2 22. Bd1 Rxb2 23. Ba4 Nf6 24. Nxf6+ Bxf6 25. Bc5 Rd8 26. g4 h6 27. Rd1
Be4 28. Kg2 b5 29. Bxb5 Nxb5 30. Rxd8+ Bxd8 31. Ra8 Bxa8 0-1

[Event "Titled Tue 26th Aug Early"]
[Site "chess.com INT"]
[Date "2025.08.26"]
[Round "6"]
[White "Dubnevych, Maksym"]
[Black "Terry, Renato"]
[Result "0-1"]
[WhiteTitle "FM"]
[BlackTitle "IM"]
[WhiteElo "2296"]
[BlackElo "2508"]
[WhiteFideId "14184001"]
[BlackFideId "3803457"]
[EventDate "2025.08.26"]

1. Nc3 c5 2. Nf3 Nc6 3. d4 cxd4 4. Nxd4 d5 5. Bf4 f6 6. Bg3 e5 7. Nxc6 bxc6 8.
e3 Rb8 9. Rb1 Qa5 10. Be2 Rxb2 11. Qd2 Bb4 12. O-O Bxc3 13. Qd3 Rxb1 14. Rxb1
Ne7 15. e4 O-O 16. exd5 cxd5 17. Rb5 Ba6 18. Rxa5 Bxd3 19. Rxa7 Bxe2 20. Rxe7
Ra8 21. h4 Rxa2 22. Rd7 d4 23. f4 e4 24. f5 h5 25. Rd8+ Kh7 26. Rd7 d3 27. Bd6
dxc2 28. Bf8 c1=Q+ 29. Kh2 Qf4+ 0-1

[Event "Titled Tue 26th Aug Early"]
[Site "chess.com INT"]
[Date "2025.08.26"]
[Round "6"]
[White "Loftgaard, Mikkel Vinh"]
[Black "Gomes, Luiz Alexandre de Souza"]
[Result "1-0"]
[WhiteTitle "FM"]
[BlackTitle "FM"]
[WhiteElo "2281"]
[BlackElo "2254"]
[WhiteFideId "1468480"]
[BlackFideId "2102790"]
[EventDate "2025.08.26"]

1. e4 c5 2. Nf3 d6 3. Bb5+ Nc6 4. O-O Bd7 5. c3 a6 6. Ba4 b5 7. Bc2 e6 8. d4 Nf6
9. Re1 Be7 10. e5 dxe5 11. dxe5 Nd5 12. Qe2 Qc7 13. Nbd2 Nf4 14. Qe4 Ng6 15. Nf1
Rd8 16. h4 h6 17. h5 Nf8 18. Ng3 Nh7 19. Bf4 Ng5 20. Qe2 Nxf3+ 21. Qxf3 Na5 22.
Qg4 Kf8 23. Ne4 Nc4 24. b3 Nb6 25. Nd6 Nd5 26. Bg3 Be8 27. Qf3 Kg8 28. Be4 Nb6
29. Rad1 Bg5 30. Qg4 c4 31. b4 Nd7 32. f4 Be7 33. f5 exf5 34. Bxf5 Nf8 35. Nxe8
Rxe8 36. e6 fxe6 37. Bxe6+ Nxe6 38. Qxe6+ Kh7 39. Qg6+ 1-0

[Event "Titled Tue 26th Aug Early"]
[Site "chess.com INT"]
[Date "2025.08.26"]
[Round "6"]
[White "Setumadhav, Yellumahanthi"]
[Black "Kleibel, Uwe"]
[Result "1/2-1/2"]
[WhiteTitle "FM"]
[BlackTitle "FM"]
[WhiteElo "2226"]
[BlackElo "2301"]
[WhiteFideId "25920669"]
[BlackFideId "1270982"]
[EventDate "2025.08.26"]

1. e4 e5 2. Nf3 Nf6 3. Nxe5 Nxe4 4. Qe2 Qe7 5. Qxe4 d6 6. d4 dxe5 7. dxe5 Nc6 8.
Nc3 Qxe5 9. Qxe5+ Nxe5 10. Bf4 Bd6 11. Bg3 h5 12. h4 f6 13. Nb5 a6 14. Nxd6+
cxd6 15. O-O-O Ke7 16. Be2 Bf5 17. Rhe1 Rac8 18. c3 g5 19. hxg5 fxg5 20. Bxe5
dxe5 21. Bf3 Kf6 22. Rd6+ Be6 23. Bxb7 Rcd8 24. Red1 Rxd6 25. Rxd6 Ke7 26. Rxa6
h4 27. Ra7 Kf6 28. a4 g4 29. Ra6 Ke7 30. Ra7 Kf6 31. Ra6 Ke7 32. Ra7 Kf6 1/2-1/2

[Event "Titled Tue 26th Aug Early"]
[Site "chess.com INT"]
[Date "2025.08.26"]
[Round "6"]
[White "Klukin, Kirill"]
[Black "Molaei, Mohammadamin"]
[Result "1-0"]
[WhiteTitle "IM"]
[BlackTitle "IM"]
[WhiteElo "2401"]
[BlackElo "2325"]
[WhiteFideId "24199273"]
[BlackFideId "12541451"]
[EventDate "2025.08.26"]

1. d4 e6 2. c4 b6 3. Nc3 Bb7 4. Nf3 f5 5. g3 Nf6 6. Bg2 Be7 7. O-O O-O 8. b3 Ne4
9. Bb2 Bf6 10. Qc2 Nxc3 11. Bxc3 d6 12. Rad1 Qe7 13. Rfe1 Nd7 14. Nd2 Bxg2 15.
Kxg2 e5 16. Qxf5 exd4 17. Bxd4 Bxd4 18. Qd5+ Qf7 19. Qxd4 c5 20. Qd5 Qxd5+ 21.
cxd5 Rae8 22. e4 Ne5 23. Nc4 Nf3 24. Re3 Nd4 25. Nxd6 Rd8 26. Nc4 Rfe8 27. a4 g5
28. f3 h6 29. Red3 Kg7 30. Rxd4 cxd4 31. Rxd4 Kf6 32. Kf2 Ke7 33. Ke3 Rc8 34. e5
Rc5 35. Ke4 Rf8 36. f4 gxf4 37. gxf4 Rg8 38. d6+ Kd7 39. b4 Rcc8 40. Ne3 Rg1 41.
f5 Re1 42. e6+ Kd8 43. d7 Rc3 44. e7+ 1-0

[Event "Titled Tue 26th Aug Early"]
[Site "chess.com INT"]
[Date "2025.08.26"]
[Round "6"]
[White "Kona, Vidip"]
[Black "Chassard, Cedric"]
[Result "0-1"]
[BlackTitle "FM"]
[WhiteElo "2145"]
[BlackElo "2208"]
[WhiteFideId "30990440"]
[BlackFideId "16243536"]
[EventDate "2025.08.26"]

1. Nf3 h6 2. g3 Nf6 3. d4 e6 4. Bg2 Be7 5. c4 O-O 6. Nc3 d5 7. Ne5 dxc4 8. g4
Nc6 9. Nxc6 bxc6 10. Bxc6 Rb8 11. g5 hxg5 12. Bxg5 Bb7 13. Bxb7 Rxb7 14. Qc2 Nd5
15. Bxe7 Qxe7 16. Rg1 Nxc3 17. bxc3 Rfb8 18. Rg3 Rb2 19. Qe4 f5 20. Qe5 R8b5 21.
Qf4 Rb1+ 22. Rxb1 Rxb1+ 23. Kd2 Qa3 24. Rxg7+ Kxg7 25. Qxc7+ Kg6 26. Qg3+ Kf7
27. Qc7+ Qe7 28. Qxc4 Rb2+ 29. Kd3 Qh4 30. Qc7+ Kg6 31. f3 Qe1 32. Kc4 Qxe2+ 33.
Kc5 Qb5+ 34. Kd6 Qd5+ 35. Ke7 Rb7 0-1

[Event "Titled Tue 26th Aug Early"]
[Site "chess.com INT"]
[Date "2025.08.26"]
[Round "6"]
[White "Shubhi Gupta"]
[Black "Manukian, Artak"]
[Result "1-0"]
[WhiteTitle "WFM"]
[WhiteElo "2213"]
[BlackElo "2104"]
[WhiteFideId "25195425"]
[BlackFideId "13301373"]
[EventDate "2025.08.26"]

1. d4 d6 2. Nf3 Nd7 3. c4 e5 4. Nc3 g6 5. e4 Bg7 6. Be3 Ne7 7. h3 O-O 8. g4 c5
9. d5 a6 10. a4 Rb8 11. Qc2 f6 12. Be2 Rf7 13. Nd2 g5 14. Nf1 Ng6 15. Ng3 Nf4
16. Bxf4 exf4 17. Nf5 Ne5 18. h4 Bxf5 19. exf5 f3 20. Bd1 Re7 21. Kf1 h6 22.
hxg5 fxg5 23. f6 Bxf6 24. Rxh6 Bg7 25. Qh7+ Kf8 26. Re6 Rxe6 27. dxe6 Qe7 28.
Qf5+ Kg8 29. Nd5 Qf8 30. Qxg5 Re8 31. e7 Qf7 32. Bc2 Nxc4 33. Bg6 Qe6 34. Bxe8
Qe2+ 35. Kg1 Qxb2 36. Re1 Ne5 37. Nf6+ 1-0

[Event "Titled Tue 26th Aug Early"]
[Site "chess.com INT"]
[Date "2025.08.26"]
[Round "6"]
[White "Koridze, Lile"]
[Black "Aarav Sarbalia"]
[Result "0-1"]
[WhiteTitle "WFM"]
[BlackTitle "FM"]
[WhiteElo "2110"]
[BlackElo "2232"]
[WhiteFideId "13612514"]
[BlackFideId "33382859"]
[EventDate "2025.08.26"]

1. d4 Nf6 2. c4 e6 3. Nf3 d5 4. g3 Be7 5. Bg2 O-O 6. O-O a5 7. cxd5 exd5 8. Qc2
a4 9. Nc3 a3 10. bxa3 c6 11. a4 Na6 12. a3 Nc7 13. Bf4 Ne6 14. Be5 Nd7 15. e4
dxe4 16. Nxe4 Nb6 17. Rfd1 f6 18. Bf4 Nxf4 19. gxf4 Nd5 20. Qd2 Qc7 21. f5 Bxf5
22. Ng3 Bg6 23. Re1 Rxa4 24. Bh3 Nf4 25. Bf5 Bd6 26. Bxg6 hxg6 27. Ne4 Raa8 28.
Kh1 Rae8 29. Qa2+ Kh8 30. Nxd6 Qxd6 31. Rxe8 Rxe8 32. Qf7 Rf8 33. Qb3 g5 34. Rg1
Re8 35. Qxb7 Qd5 36. Rg3 Qxf3+ 37. Rxf3 Re1# 0-1

[Event "Titled Tue 26th Aug Early"]
[Site "chess.com INT"]
[Date "2025.08.26"]
[Round "6"]
[White "Pandey, Srishti"]
[Black "Romero Ruscalleda, Josep"]
[Result "1-0"]
[WhiteTitle "WIM"]
[BlackTitle "FM"]
[WhiteElo "2202"]
[BlackElo "2110"]
[WhiteFideId "35093290"]
[BlackFideId "2231859"]
[EventDate "2025.08.26"]

1. e4 g6 2. d4 Bg7 3. Nc3 d6 4. f4 a6 5. a4 Nc6 6. Nf3 Bg4 7. Be3 Nf6 8. d5 Na7
9. Be2 O-O 10. O-O c5 11. a5 Nd7 12. Nd2 Bxc3 13. bxc3 Bxe2 14. Qxe2 Nb5 15. c4
Nd4 16. Qd3 Rc8 17. c3 e5 18. cxd4 exd4 19. Bf2 Qf6 20. Bg3 Rfe8 21. Rab1 Rc7
22. Nf3 Qe7 23. e5 f5 24. Bh4 Qf8 25. e6 Nf6 26. Bxf6 Qxf6 27. Rb6 Qe7 28. Rfb1
Kg7 29. Qb3 h6 30. Rxb7 Rec8 31. Kf2 g5 32. g3 Kg6 33. Rxc7 Rxc7 34. Qb8 Qg7 35.
Qe8+ Kh7 36. fxg5 d3 37. gxh6 Qc3 38. Rd1 Qxc4 39. Qh5 Qxd5 40. Ng5+ Kh8 41.
Qe8# 1-0

[Event "Titled Tue 26th Aug Early"]
[Site "chess.com INT"]
[Date "2025.08.26"]
[Round "6"]
[White "Germanovs, Georgijs"]
[Black "Bachmann, Axel"]
[Result "0-1"]
[WhiteTitle "CM"]
[BlackTitle "GM"]
[WhiteElo "2260"]
[BlackElo "2578"]
[WhiteFideId "11609710"]
[BlackFideId "3700488"]
[EventDate "2025.08.26"]

1. e4 c5 2. Nf3 e6 3. c3 Nf6 4. e5 Nd5 5. Bc4 b6 6. d4 Bb7 7. O-O Be7 8. Nbd2
cxd4 9. cxd4 O-O 10. Re1 d6 11. Ne4 dxe5 12. dxe5 Nd7 13. Bg5 Nxe5 14. Nxe5 Bxg5
15. Qh5 Bf6 16. Bxd5 Bxd5 17. Nxf6+ gxf6 18. Ng4 Kh8 19. Qh6 Rg8 20. Nxf6 Rxg2+
21. Kf1 Rg7 22. Re3 Bc4+ 23. Ke1 Rg1# 0-1

[Event "Titled Tue 26th Aug Early"]
[Site "chess.com INT"]
[Date "2025.08.26"]
[Round "6"]
[White "Rustamov, Rustam"]
[Black "Turgut, Hakan"]
[Result "1-0"]
[WhiteTitle "FM"]
[BlackTitle "CM"]
[WhiteElo "2310"]
[BlackElo "2219"]
[WhiteFideId "13440110"]
[BlackFideId "26304740"]
[EventDate "2025.08.26"]

1. e4 c5 2. Nf3 a6 3. c3 d5 4. exd5 Nf6 5. c4 e6 6. dxe6 Bxe6 7. d4 cxd4 8. Nxd4
Bb4+ 9. Nc3 Qa5 10. Nxe6 Bxc3+ 11. bxc3 Qxc3+ 12. Qd2 Qe5+ 13. Be2 fxe6 14. Bb2
Qc7 15. Ba3 Ne4 16. Qb2 Nd7 17. O-O Ndc5 18. Bf3 Ng5 19. Bh5+ Kf8 20. f4 Ne4 21.
f5 e5 22. Bf3 Kf7 23. Rae1 Nd3 24. Qb1 Nec5 25. Bd5+ Kf6 26. Rd1 e4 27. Bb2+
Nxb2 28. Qxb2+ Qe5 29. Qb6+ 1-0

[Event "Titled Tue 26th Aug Early"]
[Site "chess.com INT"]
[Date "2025.08.26"]
[Round "6"]
[White "Iljin, Timofey"]
[Black "Swayham, P Das"]
[Result "1-0"]
[WhiteTitle "IM"]
[BlackTitle "CM"]
[WhiteElo "2242"]
[BlackElo "2047"]
[WhiteFideId "14110180"]
[BlackFideId "25611402"]
[EventDate "2025.08.26"]

1. e4 c5 2. b4 cxb4 3. a3 bxa3 4. Nxa3 d6 5. d4 g6 6. Bd3 Bg7 7. Ne2 Nc6 8. c3
Nf6 9. O-O O-O 10. f4 Bg4 11. h3 Bxe2 12. Qxe2 a6 13. Nc2 Rc8 14. Bd2 Qd7 15. g4
e5 16. fxe5 dxe5 17. d5 Ne7 18. Bg5 Ne8 19. Qd2 Nd6 20. Ne3 f6 21. Bh4 g5 22.
Bg3 Ng6 23. c4 Nf4 24. Nf5 Rfd8 25. Bxf4 exf4 26. Qe2 Bf8 27. h4 h6 28. Kg2 Nxf5
29. gxf5 Bd6 30. hxg5 hxg5 31. Rh1 Qg7 32. Qh5 g4 33. Rh4 f3+ 34. Kf1 g3 35. Rg4
g2+ 36. Kf2 Bc5+ 37. Kxf3 g1=Q 38. Raxg1 Bxg1 39. Rxg7+ Kxg7 40. Qg6+ Kf8 41.
Qxf6+ Ke8 42. Qe6+ Kf8 43. Qf6+ Ke8 44. Qg6+ Kd7 45. Qxg1 Rg8 46. Qb6 Rc7 47.
Qe6+ 1-0

[Event "Titled Tue 26th Aug Early"]
[Site "chess.com INT"]
[Date "2025.08.26"]
[Round "6"]
[White "Aravindh, Chithambaram VR."]
[Black "Pliukha, Myhajlo"]
[Result "1-0"]
[WhiteTitle "GM"]
[WhiteElo "2723"]
[BlackElo "2209"]
[WhiteFideId "5072786"]
[BlackFideId "14164698"]
[EventDate "2025.08.26"]

1. c4 Nf6 2. Nc3 e6 3. e4 d5 4. e5 d4 5. exf6 dxc3 6. fxg7 cxd2+ 7. Bxd2 Bxg7 8.
Qc2 O-O 9. O-O-O c5 10. Nf3 Nc6 11. Bc3 Nd4 12. Bxd4 cxd4 13. Bd3 h6 14. g4 e5
15. Rdg1 Qf6 16. Rg3 Qf4+ 17. Kb1 Bxg4 18. Rhg1 f5 19. h3 Bxf3 20. Rxg7+ Kh8 21.
Qa4 Rad8 22. Qb4 Qh4 23. Qc5 e4 24. Rh7+ Kxh7 25. Qc7+ 1-0

[Event "Titled Tue 26th Aug Early"]
[Site "chess.com INT"]
[Date "2025.08.26"]
[Round "6"]
[White "Pechnikov, Artiom"]
[Black "Swara Lakshmi S Nair"]
[Result "0-1"]
[WhiteTitle "CM"]
[BlackTitle "WCM"]
[WhiteElo "2014"]
[BlackElo "2138"]
[WhiteFideId "24104124"]
[BlackFideId "25629239"]
[EventDate "2025.08.26"]

1. e4 c5 2. Nf3 d6 3. d4 cxd4 4. Nxd4 Nf6 5. Nc3 a6 6. Bg5 e6 7. f4 Be7 8. Qf3
Qc7 9. O-O-O Nbd7 10. g4 b5 11. Bxf6 Nxf6 12. g5 Nd7 13. f5 O-O 14. Rg1 b4 15.
Nce2 e5 16. f6 exd4 17. fxe7 Re8 18. Nxd4 Ne5 19. Qf4 g6 20. Rg3 Rxe7 21. Qd2
Bg4 22. Be2 Bxe2 23. Nxe2 Rc8 24. c3 Nc4 25. Qd4 Qa5 26. Kb1 Rb7 27. Nf4 bxc3
28. Rxc3 Rxb2+ 29. Kc1 Qxa2 0-1

[Event "Titled Tue 26th Aug Early"]
[Site "chess.com INT"]
[Date "2025.08.26"]
[Round "6"]
[White "Zampronha, Wladimir Camilo"]
[Black "Murthy, Pappu"]
[Result "1-0"]
[WhiteElo "2157"]
[BlackElo "1836"]
[WhiteFideId "2103087"]
[BlackFideId "2013401"]
[EventDate "2025.08.26"]

1. e4 e5 2. Nf3 Nc6 3. d4 exd4 4. Nxd4 Nf6 5. Nxc6 bxc6 6. e5 Nd5 7. c4 Nb6 8.
Nc3 a5 9. Bd3 g6 10. O-O Bg7 11. Bf4 O-O 12. Qd2 d5 13. cxd5 cxd5 14. Rfe1 Be6
15. Nb5 a4 16. Rac1 Rc8 17. Be3 Qh4 18. g3 Qh5 19. Nxc7 Nc4 20. Bxc4 dxc4 21.
Nxe6 fxe6 22. f4 Rfd8 23. Qe2 Qh3 24. Rxc4 Rxc4 25. Qxc4 Ra8 26. Rd1 h5 27. Qe4
Rc8 28. Qxg6 h4 29. Bf2 hxg3 30. hxg3 1-0

[Event "Titled Tue 26th Aug Early"]
[Site "chess.com INT"]
[Date "2025.08.26"]
[Round "6"]
[White "Nandish V S"]
[Black "Alazmi, Amani"]
[Result "1-0"]
[WhiteTitle "CM"]
[BlackTitle "WCM"]
[WhiteElo "2251"]
[BlackElo "1745"]
[WhiteFideId "45084297"]
[BlackFideId "10303553"]
[EventDate "2025.08.26"]

1. d4 d5 2. c4 e6 3. Nc3 Nf6 4. cxd5 exd5 5. Bg5 Be7 6. e3 h6 7. Bh4 O-O 8. Bd3
a6 9. Nge2 b5 10. a3 Bb7 11. Qc2 Nbd7 12. O-O c5 13. dxc5 Nxc5 14. Rad1 Nxd3 15.
Qxd3 Qc7 16. Rc1 Qe5 17. Rfd1 Rfd8 18. Bg3 Qg5 19. Nd4 Bd6 20. Bxd6 Rxd6 21. Nf5
Rdd8 22. Nd4 Qh4 23. Nce2 Ng4 24. Qf5 Qxh2+ 25. Kf1 Qh1+ 26. Ng1 Nh2+ 27. Ke2
Qxg2 28. Rc7 Bc8 29. Qxf7+ Kh8 30. Ngf3 Nxf3 31. Nxf3 1-0

[Event "Titled Tue 26th Aug Early"]
[Site "chess.com INT"]
[Date "2025.08.26"]
[Round "6"]
[White "Sarkar, Justin"]
[Black "Javakhadze, Zurab"]
[Result "0-1"]
[WhiteTitle "IM"]
[BlackTitle "IM"]
[WhiteElo "2286"]
[BlackElo "2417"]
[WhiteFideId "2010011"]
[BlackFideId "13603647"]
[EventDate "2025.08.26"]

1. e4 Nf6 2. e5 Nd5 3. d4 d6 4. Nf3 g6 5. Bc4 Nb6 6. Bb3 Bg7 7. a4 a5 8. O-O O-O
9. Qe2 Nc6 10. h3 dxe5 11. dxe5 Nd4 12. Nxd4 Qxd4 13. Re1 Be6 14. Bxe6 fxe6 15.
Nc3 Rf5 16. Be3 Qxe5 17. Bxb6 cxb6 18. Qc4 Qd4 19. Qxe6+ Kh8 20. Re2 Raf8 21.
Rf1 Bf6 22. Nb5 Qxa4 23. c4 Qb4 24. Qxb6 Qxc4 0-1

[Event "Titled Tue 26th Aug Early"]
[Site "chess.com INT"]
[Date "2025.08.26"]
[Round "6"]
[White "Carlsen, Magnus"]
[Black "Schnaider, Ilan"]
[Result "1-0"]
[WhiteTitle "GM"]
[BlackTitle "IM"]
[WhiteElo "2839"]
[BlackElo "2386"]
[WhiteFideId "1503014"]
[BlackFideId "169013"]
[EventDate "2025.08.26"]

1. f3 d5 2. e4 dxe4 3. fxe4 e5 4. Nf3 Nc6 5. Bb5 Bc5 6. Bxc6+ bxc6 7. d3 Nf6 8.
Qe2 Qe7 9. Nbd2 Ng4 10. h3 Nf6 11. Nc4 Nh5 12. Bg5 f6 13. Bh4 Nf4 14. Qd2 g5 15.
Bg3 Ba6 16. O-O-O Bxc4 17. dxc4 Rd8 18. Qxd8+ Qxd8 19. Rxd8+ Kxd8 20. Bxf4 gxf4
21. Re1 Rg8 22. Re2 Ke7 23. c3 a5 24. Kc2 a4 25. b4 axb3+ 26. axb3 Ra8 27. b4
Be3 28. Nh4 Ke6 29. Nf5 Bg1 30. c5 Ra2+ 31. Kd3 Ra3 32. Kc4 Ra1 33. Rd2 Be3 34.
Rd8 Rc1 35. Re8+ Kf7 36. Re7+ Kf8 37. Rxc7 Bd2 38. Rxc6 Bxc3 39. Rxf6+ Kg8 40.
Rb6 Rc2 41. Kd3 Rc1 42. c6 Be1 43. Rb7 Rxc6 44. Ne7+ 1-0

[Event "Titled Tue 26th Aug Early"]
[Site "chess.com INT"]
[Date "2025.08.26"]
[Round "6"]
[White "Gutierrez Carmona, Juan Alejandro"]
[Black "Petrenko, Maryna"]
[Result "1-0"]
[WhiteTitle "FM"]
[BlackTitle "WFM"]
[WhiteElo "2036"]
[BlackElo "1972"]
[WhiteFideId "5106770"]
[BlackFideId "14197820"]
[EventDate "2025.08.26"]

1. Nf3 d5 2. d4 Nf6 3. c4 e6 4. Nc3 c6 5. Bg5 Be7 6. e3 O-O 7. Qc2 h6 8. Bf4
Nbd7 9. Rg1 dxc4 10. g4 Nd5 11. g5 Nxf4 12. gxh6 Ng6 13. Rxg6 fxg6 14. Qxg6 Rf7
15. h7+ Kh8 16. Qxf7 Kxh7 17. Bxc4 Nf8 18. Ne5 Bf6 19. Bd3+ Kh8 20. Qh5+ Kg8 21.
Bh7+ Nxh7 22. Qf7+ Kh8 23. Ng6# 1-0

[Event "Titled Tue 26th Aug Early"]
[Site "chess.com INT"]
[Date "2025.08.26"]
[Round "6"]
[White "Janaszak, Dawid"]
[Black "Lindholm, Jere"]
[Result "1-0"]
[WhiteTitle "FM"]
[WhiteElo "2306"]
[BlackElo "2140"]
[WhiteFideId "1119206"]
[BlackFideId "508012"]
[EventDate "2025.08.26"]

1. d4 Nf6 2. Nf3 g6 3. c3 Bg7 4. Bg5 O-O 5. Nbd2 d6 6. e4 Nbd7 7. Bd3 e5 8. O-O
b6 9. a4 a5 10. Re1 Bb7 11. Nf1 Re8 12. Ng3 h6 13. Bd2 Kh7 14. h3 Nf8 15. Bc4
Qd7 16. d5 Qe7 17. b4 N8d7 18. Bb5 Rf8 19. Nh2 h5 20. Bg5 Bh6 21. Be3 h4 22.
Ngf1 Bf4 23. Nf3 Nh5 24. bxa5 Rxa5 25. c4 Nc5 26. Qc2 Bc8 27. Ra3 f5 28. exf5
Bxf5 29. Qd2 Ne4 30. Qc1 Qd8 31. Bc6 Qc8 32. Nxh4 Bxh3 33. Bxf4 Nxf4 34. Rxe4
Qg4 35. Rxf4 Rxf4 36. Rg3 Qxh4 37. Rxh3 1-0

[Event "Titled Tue 26th Aug Early"]
[Site "chess.com INT"]
[Date "2025.08.26"]
[Round "6"]
[White "Hajialiyev, Islam"]
[Black "Anakok, Deniz"]
[Result "1-0"]
[WhiteTitle "CM"]
[BlackTitle "CM"]
[WhiteElo "2138"]
[BlackElo "2129"]
[WhiteFideId "13442724"]
[BlackFideId "51603586"]
[EventDate "2025.08.26"]

1. Nf3 Nf6 2. g3 e6 3. Bg2 d5 4. d4 Be7 5. O-O O-O 6. c4 c6 7. Nc3 Nbd7 8. b3 b6
9. Bf4 Bb7 10. Rc1 Rc8 11. Qd3 c5 12. cxd5 exd5 13. Ne5 cxd4 14. Qxd4 Bc5 15.
Qd3 Nxe5 16. Bxe5 Qe7 17. Bxf6 Qxf6 18. Nxd5 Bxd5 19. Bxd5 Rcd8 20. e4 Rfe8 21.
Kg2 h5 22. h4 Rc8 23. f4 Ba3 24. Rxc8 Rxc8 25. e5 Qd8 26. e6 Qf6 27. exf7+ Kh8
28. Re1 Be7 29. Re6 Qb2+ 30. Re2 Qf6 31. Qe4 Rc7 32. Bc4 Rd7 33. Qa8+ Rd8 34.
Qxd8+ Bxd8 35. Re8+ Kh7 36. f8=Q Qc6+ 37. Kh2 1-0

[Event "Titled Tue 26th Aug Early"]
[Site "chess.com INT"]
[Date "2025.08.26"]
[Round "6"]
[White "Kiseleva, Arina"]
[Black "Brown, Akeem"]
[Result "0-1"]
[WhiteTitle "WCM"]
[BlackTitle "CM"]
[WhiteElo "2006"]
[BlackElo "2063"]
[WhiteFideId "4164989"]
[BlackFideId "7402023"]
[EventDate "2025.08.26"]

1. d4 Nf6 2. Nf3 d6 3. c4 Nbd7 4. Nc3 e5 5. e4 Be7 6. Be2 c6 7. O-O Qc7 8. h3 h6
9. Be3 g5 10. Nh2 Nf8 11. Ng4 Ng6 12. Nxf6+ Bxf6 13. dxe5 dxe5 14. Bc5 Be6 15.
Bg4 Rd8 16. Qf3 Be7 17. Bxe7 Qxe7 18. Bxe6 Qxe6 19. b3 O-O 20. Rad1 Rxd1 21.
Rxd1 f5 22. exf5 Rxf5 23. Rd8+ Kg7 24. Qd3 Nf4 25. Qd2 Rf7 26. Ne4 b6 27. Rd6
Qf5 28. f3 Nxh3+ 29. gxh3 Qxf3 30. Rd7 Qxe4 31. Rxf7+ Kxf7 32. Qd7+ Kg6 33. Qe6+
Kh5 34. Qf7+ Kh4 35. Qf2+ Kxh3 36. Qf1+ Kg4 37. Qd1+ Qf3 38. Qd7+ Kg3 39. Qd2 e4
40. Qh2+ Kg4 41. Qxh6 Qg3+ 42. Kf1 Qh3+ 43. Qxh3+ Kxh3 44. Ke2 g4 0-1

[Event "Titled Tue 26th Aug Early"]
[Site "chess.com INT"]
[Date "2025.08.26"]
[Round "6"]
[White "Lisenkov, Svyatoslav"]
[Black "Beznosov, Timofey"]
[Result "1-0"]
[WhiteTitle "FM"]
[BlackTitle "CM"]
[WhiteElo "2343"]
[BlackElo "2131"]
[WhiteFideId "34264183"]
[BlackFideId "34497951"]
[EventDate "2025.08.26"]

1. Nc3 Nf6 2. f4 d5 3. e3 c5 4. Nf3 Nc6 5. Bb5 Bg4 6. h3 Bxf3 7. Qxf3 e6 8. d3
Rc8 9. e4 d4 10. Bxc6+ Rxc6 11. Ne2 h5 12. O-O h4 13. f5 e5 14. Bg5 Be7 15. a4
Nd7 16. Bxe7 Qxe7 17. b3 Qg5 18. Kh2 O-O 19. Qg4 Qxg4 20. hxg4 g5 21. fxg6 Rxg6
22. Kh3 Nf6 23. g5 Nh7 24. Kxh4 Nxg5 25. Ng3 f6 26. Nf5 Kf7 27. g4 Rfg8 28. Rf2
Ne6 29. Rg1 Nf4 30. Rh2 Ke6 31. g5 Rxg5 32. Rxg5 Rxg5 33. Rf2 Rg1 34. Ng3 b6 35.
Kg4 a6 36. Rh2 Rc1 37. Rh7 1-0

[Event "Titled Tue 26th Aug Early"]
[Site "chess.com INT"]
[Date "2025.08.26"]
[Round "6"]
[White "Korchynskyi, Mykola"]
[Black "Shimanov, Aleksandr"]
[Result "0-1"]
[WhiteTitle "FM"]
[BlackTitle "GM"]
[WhiteElo "2359"]
[BlackElo "2578"]
[WhiteFideId "34138005"]
[BlackFideId "4198603"]
[EventDate "2025.08.26"]

1. d4 d5 2. c4 dxc4 3. Nf3 Nf6 4. e3 Be6 5. Ne5 c5 6. Nc3 cxd4 7. exd4 Nc6 8.
Nxc6 bxc6 9. Qa4 Qd7 10. Bxc4 Bxc4 11. Qxc4 e6 12. O-O Be7 13. Bg5 O-O 14. Bxf6
Bxf6 15. Rfd1 Rfd8 16. Rac1 Rac8 17. Ne2 c5 18. h3 cxd4 19. Qa6 h6 20. b3 e5 21.
Rxc8 Rxc8 22. Ng3 Be7 23. Ne4 f5 24. Nd2 e4 25. Nc4 Bf6 26. Qa5 d3 27. Ne3 f4
28. Nc4 Bd4 29. Qh5 Re8 30. Kh1 e3 31. fxe3 fxe3 32. Nxe3 Rxe3 0-1

[Event "Titled Tue 26th Aug Early"]
[Site "chess.com INT"]
[Date "2025.08.26"]
[Round "6"]
[White "Devaev, Alexander"]
[Black "Perez Gormaz, Matias"]
[Result "0-1"]
[WhiteTitle "FM"]
[BlackTitle "IM"]
[WhiteElo "2306"]
[BlackElo "2381"]
[WhiteFideId "4169395"]
[BlackFideId "3406342"]
[EventDate "2025.08.26"]

1. d4 d5 2. Nf3 Nf6 3. c4 e6 4. Nc3 h6 5. e3 a6 6. b3 Bb4 7. Bb2 O-O 8. a3 Bd6
9. Bd3 b6 10. O-O Bb7 11. Qe2 Ne4 12. Rac1 Nd7 13. Rfd1 Qe7 14. b4 Nxc3 15. Rxc3
dxc4 16. Rxc4 f5 17. Rdc1 Nf6 18. Ne5 Qe8 19. R4c2 Nd5 20. Nc4 Qg6 21. Nxd6 Nf4
22. Qf1 Bxg2 23. exf4 Bf3+ 0-1